[Event "Challenge"]
[Site "http://www.queenalice.com/game.php?id=1871742"]
[Date "2026.4.9"]
[Round "-"]
[White "crisvolei"]
[Black "zmanomega"]
[Result "0-1"]
[WhiteElo "1603"]
[BlackElo "1491"]

1. e4 e5 2. Nc3 c6 3. Qf3 f6 4. Bc4 Ne7 5. Nge2 b5 6. Bb3 Na6 7. g4 Nc5 8. g5
Nxb3 9. axb3 Ng6 10. gxf6 Qxf6 11. Qxf6 gxf6 12. h4 Nf4 13. Nxf4 exf4 14. d4 f3
15. Bf4 Rg8 16. e5 f5 17. Bg5 h6 18. Bf6 d6 19. O-O-O a5 20. Rhe1 d5 21. e6 Rg6
22. e7 Rxf6 23. exf8=Q+ Kxf8 24. Re3 f4 25. Re5 Bh3 26. Rde1 Rf7 27. h5 Bd7 28.
Rg1 a4 29. b4 a3 30. Kb1 axb2 31. Kxb2 Be8 32. Rg6 Bd7 33. Rxh6 Rg7 34. Rh8+ Rg8
35. Rxg8+ Kxg8 36. Re7 Bg4 37. h6 Bf5 38. Rc7 Ra6 39. Rg7+ Kh8 40. Na2 Ra8 41.
Nc1 Re8 42. Nb3 Re2 43. Nc5 Rxc2+ 44. Kb3 Rxf2 45. Nb7 Rg2 46. Rc7 f2 47. Nd6
Bg6 48. Rxc6 f1=Q 49. Nxb5 Qf3+ 50. Ka4 Ra2+ 51. Na3 Qxa3+ 52. Kb5 Be8 53. Kc5
Bxc6 54. Kxc6 Rc2+ 55. Kd7 Qh3+ 56. Kd6 f3 57. Kxd5 f2 58. b5 f1=Q 59. b6 Qff3+
60. Kd6 Qxh6+ 61. Ke5 Re2# 0-1

[Event "Challenge"]
[Site "http://www.queenalice.com/game.php?id=1871743"]
[Date "2026.4.9"]
[Round "-"]
[White "zmanomega"]
[Black "crisvolei"]
[Result "1-0"]
[WhiteElo "1468"]
[BlackElo "1630"]

1. e4 e5 2. d4 Qh4 3. Nc3 Bb4 4. dxe5 Bxc3+ 5. bxc3 Qxe4+ 6. Qe2 d5 7. Qxe4 dxe4
8. Bc4 Be6 9. Bxe6 fxe6 10. Ba3 b6 11. O-O-O Nd7 12. Re1 O-O-O 13. Rxe4 Nc5 14.
Bxc5 bxc5 15. Ne2 Kb7 16. Nf4 Rf8 17. Nxe6 Rxf2 18. Nxc5+ Kc6 19. Nd3 Rxg2 20.
h4 Ne7 21. Nb4+ Kd7 22. e6+ Kd6 23. Rd1+ Kc5 24. Rd7 Nc6 25. Rxc7 Rg1+ 26. Kb2
a5 27. Rxc6+ Kb5 28. Re5+ Ka4 29. Ra6 Rb8 30. Raxa5# 1-0

[Event "Challenge"]
[Site "http://www.queenalice.com/game.php?id=1872017"]
[Date "2026.4.15"]
[Round "-"]
[White "crisvolei"]
[Black "Mr_SPOCK"]
[Result "0-1"]
[WhiteElo "1615"]
[BlackElo "1858"]

1. e4 e5 2. Nf3 Nc6 3. c3 Bc5 4. b4 Bb6 5. Bc4 Nf6 6. Ng5 O-O 7. Nxf7 Rxf7 8.
Bxf7+ Kxf7 9. Qb3+ Kg6 10. f3 a5 11. h4 h5 12. d4 exd4 13. Bg5 a4 14. Qc2 dxc3
15. e5+ Kf7 16. exf6 g6 17. Qxc3 d5 18. Nd2 Qe8+ 19. Ne4 d4 20. Qc4+ Be6 21. Qd3
Nxb4 22. Qd2 Qd7 23. Qxb4 Ba5 24. Qxa5 Rxa5 25. O-O Rb5 26. Bh6 Bc4 27. Rfd1 d3
28. Bg7 Rb2 29. Nc5 Qf5 30. Nxb7 Qe5 31. Nd8+ Kg8 32. Re1 Re2 33. Nc6 Qc5+ 34.
Kh2 Qf2 35. Ne7+ Kf7 36. Rg1 Qxh4# 0-1

[Event "Challenge"]
[Site "http://www.queenalice.com/game.php?id=1872021"]
[Date "2026.4.15"]
[Round "-"]
[White "crisvolei"]
[Black "tche_elvio"]
[Result "1-0"]
[WhiteElo "1612"]
[BlackElo "1661"]

1. e4 c5 2. Bc4 Nc6 3. c3 e6 4. Qf3 Ne5 5. Qe2 Qg5 6. g3 Nxc4 7. Qxc4 b6 8. f4
Qe7 9. Nf3 Nf6 10. d4 Nxe4 11. O-O Bb7 12. Ne5 Nd6 13. Qa4 g6 14. dxc5 b5 15.
Qa5 a6 16. Be3 Nc4 17. Nxc4 Qd8 18. Nb6 Rb8 19. Rd1 Bc6 20. Qxa6 Be7 21. b4 O-O
22. Na3 d6 23. g4 dxc5 24. Rxd8 Rfxd8 25. Bxc5 Bxc5+ 26. bxc5 f5 27. Nxb5 Bxb5
28. Qxb5 Kg7 29. g5 h6 30. h4 hxg5 31. fxg5 Rh8 32. Qd7+ 1-0

[Event "Challenge"]
[Site "http://www.queenalice.com/game.php?id=1872215"]
[Date "2026.4.21"]
[Round "-"]
[White "Leanne"]
[Black "crisvolei"]
[Result "0-1"]
[WhiteElo "1292"]
[BlackElo "1612"]

1. d4 d5 2. c4 dxc4 3. Nf3 b5 4. Nc3 b4 5. Qa4+ c6 6. Qxb4 e5 7. e3 Bxb4 8. Bd2
Bf5 9. Be2 exd4 10. exd4 Qe7 11. O-O Bd3 12. Bxd3 cxd3 13. Rae1 Qxe1 14. Rxe1+
Ne7 15. Re3 O-O 16. Rxd3 Nf5 17. Bf4 Nd7 18. Ne5 Nxe5 19. Bxe5 Bxc3 20. bxc3
Rfe8 21. Rf3 g6 22. Rh3 h5 23. g3 c5 24. g4 h4 25. gxf5 g5 26. f4 f6 27. Bxf6
gxf4 28. dxc5 Re3 29. Rxh4 Kf7 30. Bd4 Rg8+ 31. Kf2 Re4 32. Kf3 Re1 33. Rxf4
Rgg1 34. Bxg1 Rxg1 35. c6 Ke7 36. f6+ Kf7 37. c7 Rg8 38. Rc4 Rc8 39. Rc6 a5 40.
Rc5 a4 0-1

[Event "Challenge"]
[Site "http://www.queenalice.com/game.php?id=1872216"]
[Date "2026.4.21"]
[Round "-"]
[White "crisvolei"]
[Black "Leanne"]
[Result "1-0"]
[WhiteElo "1608"]
[BlackElo "1296"]

1. e4 d5 2. e5 f6 3. exf6 exf6 4. Nf3 Nc6 5. c3 Qe7+ 6. Be2 Bg4 7. h3 Bxf3 8.
gxf3 O-O-O 9. a4 a5 10. Na3 d4 11. O-O dxc3 12. bxc3 Qe5 13. Nb5 Bd6 14. Nxd6+
Qxd6 15. d3 Nh6 16. f4 Nf7 17. Qb3 b6 18. Be3 Nb8 19. Qxf7 Rhg8 20. d4 h6 21.
Bf3 c6 22. d5 g6 23. Bg4+ f5 24. Qe6+ Qd7 25. Qxd7+ Rxd7 26. dxc6 Nxc6 27. Bf3
Ne7 28. Bxb6 Rd3 29. Kg2 Rxc3 30. Rac1 Rxc1 31. Rxc1+ Kd7 32. Bxa5 g5 33. Bb4 g4
34. hxg4 fxg4 35. Be2 Nf5 36. Bb5+ 1-0

[Event "Challenge"]
[Site "http://www.queenalice.com/game.php?id=1872504"]
[Date "2026.4.25"]
[Round "-"]
[White "Mr_SPOCK"]
[Black "crisvolei"]
[Result "1-0"]
[WhiteElo "1864"]
[BlackElo "1609"]

1. e4 e5 2. Qh5 Qf6 3. d4 g6 4. Qg4 h6 5. h4 Nc6 6. d5 Nd4 7. d6 Nxc2+ 8. Ke2
Nxa1 9. h5 Qxd6 10. Bd2 Qa6+ 11. Kf3 Qxa2 12. hxg6 f6 13. Qh5 Qxb1 14. g7+ Ke7
15. gxh8=Q Qd1+ 16. Be2 Qxd2 17. Nh3 Nb3 18. Qh7+ Kd8 19. Qxg8 Nd4+ 20. Kg3 c6
21. Qxf8+ Kc7 22. Qhe8 Ne6 23. Qxf6 Qxe2 24. Qxe5+ Kb6 25. b4 d5 26. Nf4 Qxe4
27. Qxe4 dxe4 28. Nxe6 a5 29. b5 cxb5 30. Qd8+ Ka7 31. Qxa5+ Kb8 32. Qc7+ Ka7
33. Ra1# 1-0

[Event "Challenge"]
[Site "http://www.queenalice.com/game.php?id=1872581"]
[Date "2026.4.29"]
[Round "-"]
[White "crisvolei"]
[Black "Mlintz"]
[Result "0-1"]
[WhiteElo "1555"]
[BlackElo "1826"]

1. e4 e5 2. Bc4 Qe7 3. d4 d6 4. Nf3 g6 5. Ng5 Nh6 6. h3 c6 7. Qf3 a5 8. Bxf7+
Nxf7 9. Nxf7 Qxf7 10. Qxf7+ Kxf7 11. dxe5 dxe5 12. f4 Bg7 13. f5 gxf5 14. Bg5 f4
15. O-O h6 16. Bh4 Kg6 17. g4 fxg3 18. Bxg3 Bxh3 19. Rd1 Na6 20. Na3 Rad8 21.
Rxd8 Rxd8 22. Nc4 a4 23. Bxe5 Re8 24. Bxg7 Kxg7 25. e5 b5 26. Kh2 Bf5 27. Re1
bxc4 28. c3 Nc5 29. Kg3 Nd3 30. Re3 Rxe5 31. Rf3 Nxb2 32. Kf4 Nd3+ 33. Rxd3 cxd3
34. Kxe5 Bh3 35. Kd6 Bg2 36. Kc5 d2 37. Kb4 d1=Q 38. a3 Qb3+ 39. Kc5 Qxc3+ 40.
Kb6 Qe5 0-1